| 000 | 00625cam a22002294a 4500 | ||
|---|---|---|---|
| 001 | 15469664 | ||
| 005 | 20180220042453.0 | ||
| 008 | 080930s2009 njua 001 0 eng | ||
| 010 | _a 2008277404 | ||
| 020 | _a9780470128824 (alk. paper) | ||
| 040 |
_aDLC _cDLC _dDLC |
||
| 041 | _aeng | ||
| 042 | _apcc | ||
| 080 | _a330.722.6 PRA | ||
| 082 | _a330.722.6 PRA | ||
| 100 | 1 | _a61 | |
| 101 | _aKF | ||
| 245 | 1 | 0 |
_aFinancial accounting in an economic context / _cJamie Pratt. |
| 906 |
_a7 _bcbc _corigcop _d3 _encip _f20 _gy-gencatlg |
||
| 942 |
_2ddc _cBK |
||
| 999 |
_c42895 _d42895 |
||